000 00609nam a2200205Ia 4500
005 20260429112256.0
008 260429s9999||||xx |||||||||||||| ||und||
020 _a9780691245089
041 _aEnglish
082 _a270.5
_bGRZ
100 _aGrzymata-Busse, Anna
245 0 _aSacred foundations :
_bthe religious and medieval roots of the European state /
_cAnna Grzymata-Busse
250 _a1st ed.
260 _aPrinceton :
_bPrinceton University Press,
_c2023.
300 _axii, 235 p.; pbk
650 _a Fragmentation
650 _a Rivalry
650 _aGoverning institutions
942 _cTB
999 _c53256
_d53256